000 01265cam a22003614a 4500
999 _c29190
_d29161
001 12502381
003 EG-ScBUE
005 20210615101040.0
008 010814t2002 inua f 001 0 eng d
020 _a0672323303
020 _a9780672323300
040 _aDLC
_beng
_erda
_cDLC
_dDLC
_dEG-ScBUE
082 0 4 _a005.276
_bAUG
_222
100 1 _aAugustyniak, Mark,
_eauthor.
245 1 0 _aSams teach yourself .NET XML Web Services in 24 hours /
_cMark Augustyniak.
246 3 0 _aTeach yourself .NET XML Web Services in 24 hours
264 1 _aIndianapolis, Indiana :
_bSAMS,
_c[2002]
264 4 _cc2002
300 _axvii, 438 pages :
_billustrations ;
_c24 cm
336 _2rdacontent
_atext
_btxt
337 _2rdamedia
_aunmediated
_bn
338 _2rdacarrier
_avolume
_bnc
500 _aIncludes index.
630 0 7 _aMicrosoft .NET Framework.
_2BUEsh
650 7 _aWeb site development.
_2BUEsh
650 7 _aXML (Document markup language)
_2BUEsh
650 7 _aInternet programming.
_2BUEsh
653 _bCOMSCI
_cJune2021
655 _vReading book
_934232
906 _a7
_bcbc
_corignew
_d2
_eepcn
_f20
_gy-gencatlg
942 _2ddc
_cBB